Cronología legal anotada sobre la cuestión Malvinas (resúmen) = (Record no. 5337)
[ view plain ]
| 000 -LEADER | |
|---|---|
| fixed length control field | 00825nam a22002417a 4500 |
| 003 - CONTROL NUMBER IDENTIFIER | |
| control field | AR-FvUNAJ |
| 005 - DATE AND TIME OF LATEST TRANSACTION | |
| control field | 20251205101248.0 |
| 008 - FIXED-LENGTH DATA ELEMENTS--GENERAL INFORMATION | |
| fixed length control field | 200306b ||||| |||| 00| 0 spa d |
| 040 ## - CATALOGING SOURCE | |
| Transcribing agency | AR-FvUNAJ |
| 082 14 - DEWEY DECIMAL CLASSIFICATION NUMBER | |
| Edition number | 14 |
| Classification number | 340.09 |
| 100 1# - MAIN ENTRY--PERSONAL NAME | |
| 9 (RLIN) | 9120 |
| Personal name | Vieyra, Ferrer |
| 245 10 - TITLE STATEMENT | |
| Title | Cronología legal anotada sobre la cuestión Malvinas (resúmen) = |
| Remainder of title | Ann annotated legal chronology of the Malvinas (Falkland) Islands controversy / |
| Statement of responsibility, etc | Ferrer Vieyra |
| 260 ## - PUBLICATION, DISTRIBUTION, ETC. (IMPRINT) | |
| Place of publication, distribution, etc | Córdoba : |
| Name of publisher, distributor, etc | Marcos Lerner; |
| Date of publication, distribution, etc | 1985 |
| 300 ## - PHYSICAL DESCRIPTION | |
| Extent | 175 p. |
| 505 ## - FORMATTED CONTENTS NOTE | |
| Formatted contents note | Escrito en inglés y español. |
| 650 27 - SUBJECT ADDED ENTRY--TOPICAL TERM | |
| Source of heading or term | unescot |
| 9 (RLIN) | 3069 |
| Topical term or geographic name as entry element | DERECHO INTERNACIONAL |
| 650 27 - SUBJECT ADDED ENTRY--TOPICAL TERM | |
| Source of heading or term | unescot |
| 9 (RLIN) | 9122 |
| Topical term or geographic name as entry element | DERECHO DEL MAR |
| 650 24 - SUBJECT ADDED ENTRY--TOPICAL TERM | |
| 9 (RLIN) | 2588 |
| Topical term or geographic name as entry element | GUERRA DE MALVINAS |
| 650 27 - SUBJECT ADDED ENTRY--TOPICAL TERM | |
| Source of heading or term | unescot |
| 9 (RLIN) | 9123 |
| Topical term or geographic name as entry element | CRONOLOGIA |
| 651 #7 - SUBJECT ADDED ENTRY--GEOGRAPHIC NAME | |
| 9 (RLIN) | 326 |
| Geographic name | ARGENTINA |
| 942 ## - ADDED ENTRY ELEMENTS (KOHA) | |
| Source of classification or shelving scheme | Dewey Decimal Classification |
| Koha item type | Libro, folleto, traducción |
| 980 ## - EQUIVALENCE OR CROSS-REFERENCE-SERIES STATEMENT--PERSONAL NAME/TITLE [LOCAL, CANADA] | |
| Field link and sequence number | 1943 |
| Miscellaneous information | VALERIA BEATRIZ DOMÍNGUEZ |
| Withdrawn status | Lost status | Source of classification or shelving scheme | Damaged status | Not for loan | Home library | Current library | Date acquired | Source of acquisition | Full call number | Barcode | Date last seen | Price effective from | Koha item type |
|---|---|---|---|---|---|---|---|---|---|---|---|---|---|
| Dewey Decimal Classification | Consultar Disponibilidad | Biblioteca Central | DEPOSITO | 06/03/2020 | Donación | 340.09 VIE | UNAJ20030015 | 06/03/2020 | 06/03/2020 | Libro, folleto, traducción |